000
00287nam a22001337a 4500
008
170822b xxu||||| |||| 00| 0 eng d
020
_a
978149049235
041
_a
eng
080
_2
5 E
_a
51
100
_a
37
101
_a
MAT
245
_a
APPLIED CALCULUS
_c
WANER.S
942
_2
udc
_c
BK
999
_c
24465
_d
24465